[Event "SG Turm Raesfeld/Erle 2 - Schach Nienbe"]
[Site "Verbandsklasse 2015/2016"]
[Date "2015.11.07"]
[Round "2.1"]
[White "da Costa Campos, André"]
[Black "Bölker, Franz"]
[Result "1-0"]
[WhiteElo "1950"]
[BlackElo "1806"]
[PlyCount "60"]
[EventDate "2015.??.??"]
[SourceDate "2015.10.31"]

1. e4 c5 2. Nf3 d6 3. d4 cxd4 4. Nxd4 Nf6 5. Nc3 a6 6. Bg5 e6 7. f4 Nbd7 8. Qf3
Qc7 9. O-O-O Be7 10. g4 b5 11. Bxf6 Nxf6 12. g5 Nd7 13. a3 Bb7 14. Qh3 Nc5 15.
g6 Bf6 16. gxf7+ Qxf7 17. Bxb5+ axb5 18. Ndxb5 O-O 19. Nxd6 Qe7 20. Nxb7 Bxc3
21. Nxc5 Rxa3 22. Nb3 Ba5 23. bxa3 Qxa3+ 24. Kb1 Ra8 25. Qxe6+ Kh8 26. Qe5 Bb6
27. Qb2 Qe7 28. Rhe1 Rb8 29. Qe5 Qa7 30. Rd3 Qa3 1-0

[Event "SG Turm Raesfeld/Erle 2 - Schach Nienbe"]
[Site "Verbandsklasse 2015/2016"]
[Date "2015.11.07"]
[Round "2.2"]
[White "Brömmel, Chris"]
[Black "Melkert, Tim"]
[Result "1/2-1/2"]
[WhiteElo "1792"]
[BlackElo "1899"]
[PlyCount "49"]
[EventDate "2015.??.??"]
[SourceDate "2015.10.31"]

1. e4 e6 2. d4 d5 3. exd5 exd5 4. c4 Nf6 5. Nc3 Be6 6. Qb3 Nc6 7. Be3 Bb4 8. a3
Bxc3+ 9. bxc3 O-O 10. Nf3 Qd7 11. cxd5 Bxd5 12. Qd1 Rfe8 13. h3 Ne4 14. Qd3 Nd6
15. Be2 Be4 16. Qd2 Bxf3 17. Bxf3 Na5 18. Qd3 Qf5 19. Be2 Re7 20. O-O Rae8 21.
Rab1 b6 22. Rb4 Nc6 23. Rb2 Na5 24. Rb4 Nc6 25. Rb2 1/2-1/2

[Event "SG Turm Raesfeld/Erle 2 - Schach Nienbe"]
[Site "Verbandsklasse 2015/2016"]
[Date "2015.11.07"]
[Round "2.3"]
[White "Van de Vyle, Jan"]
[Black "Fasselt, Hendrik"]
[Result "1/2-1/2"]
[WhiteElo "1756"]
[BlackElo "1804"]
[PlyCount "75"]
[EventDate "2015.??.??"]
[SourceDate "2015.10.31"]

1. e4 e5 2. Nf3 d6 3. d4 exd4 4. Nxd4 Nf6 5. Nc3 Be7 6. Bf4 a6 7. Qd2 O-O 8.
O-O-O b5 9. f3 Bb7 10. Nf5 Nbd7 11. g4 Ne5 12. Qf2 Ng6 13. Be3 c5 14. h4 b4 15.
Nd5 Nxd5 16. exd5 Re8 17. f4 Bf8 18. h5 Ne7 19. Nxe7+ Qxe7 20. Rh3 Rad8 21. g5
Bc8 22. Rg3 Bf5 23. Bh3 Qd7 24. Bxf5 Qxf5 25. g6 h6 26. gxf7+ Kxf7 27. Qf3 Re4
28. Bd2 Rde8 29. Qf1 Qxd5 30. Bxb4 Qxa2 31. Bc3 d5 32. b3 R8e7 33. Bb2 Qa5 34.
Qf3 Re1 35. Qg4 d4 36. Qf5+ Kg8 37. Qc8 Re8 38. Rgd3 1/2-1/2

[Event "SG Turm Raesfeld/Erle 2 - Schach Nienbe"]
[Site "Verbandsklasse 2015/2016"]
[Date "2015.11.07"]
[Round "2.4"]
[White "Kadenbach, Wolfgang"]
[Black "Scharlow, Siegmar"]
[Result "1-0"]
[WhiteElo "1731"]
[BlackElo "1741"]
[PlyCount "85"]
[EventDate "2015.??.??"]
[SourceDate "2015.10.31"]

1. d4 Nf6 2. c4 e5 3. dxe5 Ne4 4. a3 Nc6 5. Nf3 Qe7 6. Qc2 Nc5 7. b4 Ne6 8. Bb2
g5 9. h3 h5 10. Nc3 Ned4 11. Nxd4 Nxd4 12. Qe4 Ne6 13. Nd5 Qd8 14. Nf6+ Ke7 15.
e3 Bg7 16. Be2 h4 17. f4 c6 18. f5 Nc7 19. Rd1 Ne8 20. Nh5 Kf8 21. Qg4 Rg8 22.
O-O f6 23. Nxg7 Rxg7 24. Qh5 Kg8 25. Rd2 Qe7 26. Qf3 Rb8 27. e4 b6 28. Qc3 fxe5
29. Qxe5 d6 30. Qd4 Rh7 31. Rfd1 Bb7 32. Bf3 c5 33. Qe3 Rd8 34. e5 Bxf3 35.
gxf3 Qf7 36. f6 Qxc4 37. Qxg5+ Kf7 38. Rg2 Rh8 39. Qg6+ Kf8 40. Qf5 Qb3 41. Rd3
Qc4 42. e6 Rb8 43. f7 1-0

[Event "SG Turm Raesfeld/Erle 2 - Schach Nienbe"]
[Site "Verbandsklasse 2015/2016"]
[Date "2015.11.07"]
[Round "2.5"]
[White "Hagemann, Lars"]
[Black "Cvetkovic, Reinhard"]
[Result "1-0"]
[WhiteElo "1690"]
[BlackElo "1706"]
[PlyCount "143"]
[EventDate "2015.??.??"]
[SourceDate "2015.10.31"]

1. e4 e6 2. d4 d5 3. Nd2 Nc6 4. Ngf3 Nf6 5. e5 Nd7 6. Bd3 Nb4 7. Be2 c5 8. c3
Nc6 9. Nf1 Qa5 10. Bd2 Qb6 11. Qb3 Qxb3 12. axb3 b6 13. Ne3 cxd4 14. cxd4 Bb7
15. Bc3 Be7 16. Nd2 O-O 17. f4 f6 18. Nf3 f5 19. Nc2 Rfc8 20. b4 a5 21. bxa5
bxa5 22. Kf2 Ba6 23. Bxa6 Rxa6 24. Rhc1 Rb8 25. Nd2 Kf7 26. Ke3 Raa8 27. Nf3 h6
28. h3 Nb6 29. b3 a4 30. bxa4 Nxa4 31. Bd2 Nb2 32. Rxa8 Rxa8 33. Bc3 Nc4+ 34.
Kd3 Rb8 35. Nd2 Nxd2 36. Kxd2 g5 37. g3 gxf4 38. gxf4 Rg8 39. Re1 Bh4 40. Re2
Rg3 41. Re3 Rg1 42. Rf3 Rg2+ 43. Kd3 h5 44. Ne3 Rg1 45. Nf1 Be7 46. Nd2 Rg8 47.
Nf1 Rc8 48. Ng3 h4 49. Ne2 Nb8 50. Rf1 Nd7 51. Rb1 Rg8 52. Rb7 Ke8 53. Ke3 Bd8
54. Kf3 Bb6 55. Be1 Kd8 56. Bxh4+ Kc8 57. Rxb6 Nxb6 58. Bg5 Nc4 59. h4 Nd2+ 60.
Ke3 Ne4 61. Kf3 Kd7 62. Ng1 Ra8 63. h5 Ke8 64. h6 Kf7 65. Ke3 Kg6 66. Nf3 Kh5
67. Kd3 Kg4 68. Nh2+ Kh5 69. Nf3 Kg6 70. Nh4+ Kh5 71. Nf3 Rg8 72. Ke2 1-0

[Event "SG Turm Raesfeld/Erle 2 - Schach Nienbe"]
[Site "Verbandsklasse 2015/2016"]
[Date "2015.11.07"]
[Round "2.6"]
[White "Droste, Laurenz"]
[Black "Schulte Austum, Frank"]
[Result "0-1"]
[WhiteElo "1612"]
[BlackElo "1649"]
[PlyCount "100"]
[EventDate "2015.??.??"]
[SourceDate "2015.10.31"]

1. f4 Nf6 2. b3 g6 3. Bb2 Bg7 4. Nf3 d5 5. e3 c5 6. c4 e6 7. Be2 Nc6 8. Ne5 O-O
9. O-O d4 10. Nxc6 bxc6 11. Bf3 Qb6 12. Qe2 a5 13. d3 a4 14. exd4 cxd4 15. b4
Bb7 16. a3 Rfe8 17. c5 Qd8 18. Nd2 e5 19. fxe5 Nd7 20. Nc4 Bxe5 21. Qf2 Qf6 22.
Rae1 Rad8 23. Qc2 Bxh2+ 24. Kh1 Rxe1 25. Rxe1 Qh4 26. Re4 Bf4+ 27. Kg1 Nf6 28.
Rxf4 Qxf4 29. Qe2 Re8 30. Qf2 Ng4 31. Bxg4 Qxg4 32. Nd6 Re7 33. Bxd4 Qe6 34.
Ne4 Kf8 35. Qh4 f5 36. Qh6+ Ke8 37. Nf6+ Kd8 38. Qf8+ Kc7 39. Qh6 Ba6 40. Nxh7
Bxd3 41. Nf8 Qe4 42. Bf2 f4 43. Nh7 Qe5 44. Qh4 Kb7 45. Ng5 Qf6 46. Qg4 Be2 47.
Nf3 Qa1+ 48. Kh2 Rh7+ 49. Bh4 Bxf3 50. gxf3 Qf6 0-1

[Event "SG Turm Raesfeld/Erle 2 - Schach Nienbe"]
[Site "Verbandsklasse 2015/2016"]
[Date "2015.11.07"]
[Round "2.7"]
[White "Nürenberg, Bernd"]
[Black "Terhart, Jürgen"]
[Result "1-0"]
[WhiteElo "1612"]
[BlackElo "1771"]
[PlyCount "41"]
[EventDate "2015.??.??"]
[SourceDate "2015.10.31"]

1. d4 Nf6 2. c4 e6 3. Nf3 d5 4. Nc3 Be7 5. Bf4 c6 6. e3 Nbd7 7. Bd3 Nh5 8. Bg3
Nxg3 9. hxg3 Nf6 10. Qc2 a6 11. Ne5 dxc4 12. Nxc4 Nd7 13. O-O-O b5 14. Ne5 Nxe5
15. dxe5 Qb6 16. Ne4 Kf8 17. Nd6 Bxd6 18. exd6 f6 19. Bxh7 f5 20. Qc3 g6 21.
Qxh8+ 1-0

[Event "SG Turm Raesfeld/Erle 2 - Schach Nienbe"]
[Site "Verbandsklasse 2015/2016"]
[Date "2015.11.07"]
[Round "2.8"]
[White "Schönstädt, Hans-Werner"]
[Black "Kösters, Michael"]
[Result "1-0"]
[WhiteElo "1518"]
[BlackElo "1588"]
[PlyCount "36"]
[EventDate "2015.??.??"]
[SourceDate "2015.10.31"]

1. e4 c5 2. Nf3 Nc6 3. d4 cxd4 4. Nxd4 Nf6 5. Nc3 d6 6. Bc4 a6 7. O-O g6 8.
Nxc6 bxc6 9. e5 Ng8 10. exd6 e6 11. Bf4 Qf6 12. Bg3 Qf5 13. Qd4 f6 14. Rae1 c5
15. Qd1 e5 16. Qd5 Ra7 17. Bxe5 Kd8 18. Qxc5 Qd7 1-0

[Event "Indische Dame Münster 1 - SK Ochtrup 1"]
[Site "Verbandsklasse 2015/2016"]
[Date "2015.11.07"]
[Round "2.1"]
[White "Jacob, Helmut"]
[Black "Stevermüer, Rüdiger"]
[Result "0-1"]
[WhiteElo "2002"]
[BlackElo "1959"]
[PlyCount "94"]
[EventDate "2015.??.??"]
[SourceDate "2015.10.31"]

1. e4 e5 2. Nf3 d5 3. Nxe5 Bd6 4. d4 dxe4 5. Qe2 Qe7 6. Nc3 Nf6 7. Bg5 Bxe5 8.
dxe5 Qxe5 9. Bxf6 Qxf6 10. Qxe4+ Qe6 11. O-O-O Qxe4 12. Nxe4 O-O 13. Bd3 Nc6
14. c3 h6 15. f4 Be6 16. Nc5 Bxa2 17. b3 b6 18. Kb2 bxc5 19. Kxa2 Rab8 20. Be4
Na5 21. Bc2 Rfd8 22. Rxd8+ Rxd8 23. Rd1 Rxd1 24. Bxd1 Nb7 25. Ka3 Kf8 26. Ka4
Nd6 27. Ka5 Ke7 28. Ka6 Ne4 29. c4 Nd6 30. Kxa7 Nf5 31. Kb7 Kd6 32. Kc8 Ne3 33.
Bf3 Nf1 34. Kd8 Nxh2 35. Be2 g5 36. Ke8 Ke6 37. fxg5 hxg5 38. g4 f5 39. gxf5+
Kxf5 40. Kd7 Ke4 41. Kxc7 Nf3 42. Kd6 Ke3 43. Kxc5 Kxe2 44. Kd5 g4 45. c5 Nd4
46. Kxd4 g3 47. Kd5 g2 0-1

[Event "Indische Dame Münster 1 - SK Ochtrup 1"]
[Site "Verbandsklasse 2015/2016"]
[Date "2015.11.07"]
[Round "2.2"]
[White "Knispel-Roth, Martin"]
[Black "Schwietering, Ralf"]
[Result "1/2-1/2"]
[WhiteElo "1897"]
[BlackElo "1878"]
[PlyCount "31"]
[EventDate "2015.??.??"]
[SourceDate "2015.10.31"]

1. Nf3 Nf6 2. g3 g6 3. Bg2 Bg7 4. O-O O-O 5. c4 c5 6. Nc3 Nc6 7. d4 cxd4 8.
Nxd4 Qb6 9. Nb3 Qb4 10. Be3 d6 11. Rc1 Be6 12. Nd5 Bxd5 13. cxd5 Ne5 14. Qd4
Qb5 15. Qd2 Rfc8 16. Rxc8+ 1/2-1/2

[Event "Indische Dame Münster 1 - SK Ochtrup 1"]
[Site "Verbandsklasse 2015/2016"]
[Date "2015.11.07"]
[Round "2.3"]
[White "Boshe-Plois, Stefan"]
[Black "ter Veen, Michael"]
[Result "0-1"]
[WhiteElo "1763"]
[BlackElo "1755"]
[PlyCount "102"]
[EventDate "2015.??.??"]
[SourceDate "2015.10.31"]

1. e4 c5 2. g3 g6 3. Bg2 Bg7 4. f4 d6 5. d3 Nc6 6. Nf3 e6 7. O-O Nge7 8. c3 O-O
9. Be3 b6 10. h3 f5 11. g4 Rb8 12. Nbd2 Qc7 13. gxf5 exf5 14. Ng5 Nd8 15. h4 h6
16. Nh3 Be6 17. h5 Rf6 18. e5 Rf8 19. d4 gxh5 20. Qxh5 Bd5 21. Rf2 Bf7 22. Qh4
Ng6 23. Qg3 Qe7 24. Kh1 Rc8 25. Rg1 Qh4 26. Qh2 dxe5 27. fxe5 cxd4 28. cxd4 Ne6
29. Nb3 Rfd8 30. Bf1 Qe4+ 31. Rfg2 Nh4 32. Qg3 Nxg2 33. Rxg2 Rc2 34. Nf4 Rxg2
35. Bxg2 Qb1+ 36. Kh2 Ng5 37. e6 Bxe6 38. Nxe6 Nxe6 39. Bxh6 Qxb2 40. Bxg7 Nxg7
41. Qc7 Re8 42. Qxa7 Re2 43. Qa8+ Kh7 44. Qf3 Rf2 45. Qh3+ Kg6 46. Qg3+ Kf6 47.
Kh3 Ne6 48. Qe5+ Ke7 49. Bd5 Qe2 50. Qxe2 Rxe2 51. Kg3 Rxa2 0-1

[Event "Indische Dame Münster 1 - SK Ochtrup 1"]
[Site "Verbandsklasse 2015/2016"]
[Date "2015.11.07"]
[Round "2.4"]
[White "Glotzbach, Thomas"]
[Black "Holtmannspötter, Thomas"]
[Result "1-0"]
[WhiteElo "1718"]
[BlackElo "1762"]
[PlyCount "103"]
[EventDate "2015.??.??"]
[SourceDate "2015.10.31"]

1. e4 e5 2. Nf3 Nf6 3. Nxe5 d6 4. Nf3 Nxe4 5. Qe2 Qe7 6. d3 Nf6 7. Bg5 Be6 8.
Nd4 g6 9. Nc3 Bg7 10. O-O-O Nc6 11. Nxe6 fxe6 12. d4 O-O 13. Qd2 Qf7 14. f3 Nd7
15. d5 exd5 16. Nxd5 Nb6 17. Bb5 a6 18. Nxb6 cxb6 19. Ba4 Nd4 20. Bb3 d5 21.
Qb4 Nxb3+ 22. Qxb3 d4 23. Rhe1 Rfe8 24. Bh4 b5 25. Qxf7+ Kxf7 26. Kd2 Rac8 27.
Kd3 Re3+ 28. Rxe3 dxe3 29. c3 b4 30. cxb4 e2 31. Kxe2 Rc2+ 32. Rd2 Rc4 33. Be1
Ke6 34. b3 Rxb4 35. Rd6+ Kxd6 36. Bxb4+ Kd5 37. Kd3 Be5 38. h3 Bg3 39. Bd2 Bd6
40. Be3 b5 41. f4 a5 42. a4 bxa4 43. bxa4 Bc7 44. g4 Bd8 45. Bd4 Bc7 46. f5
gxf5 47. gxf5 Bd6 48. Bb6 Bb4 49. Bc7 h5 50. f6 Ke6 51. Bd8 Be1 52. Kc4 1-0

[Event "Indische Dame Münster 1 - SK Ochtrup 1"]
[Site "Verbandsklasse 2015/2016"]
[Date "2015.11.07"]
[Round "2.5"]
[White "Moor, Daniel"]
[Black "Dittberner, Markus"]
[Result "1/2-1/2"]
[WhiteElo "1673"]
[BlackElo "1682"]
[PlyCount "63"]
[EventDate "2015.??.??"]
[SourceDate "2015.10.31"]

1. e4 c5 2. d4 cxd4 3. c3 d3 4. Bxd3 g6 5. Nf3 Bg7 6. Be3 Nc6 7. Qd2 Nf6 8. c4
d6 9. h3 O-O 10. Nc3 Bd7 11. Rc1 Qa5 12. O-O Rfc8 13. b3 Ne5 14. Nxe5 Qxe5 15.
f4 Qa5 16. Nd5 Qxd2 17. Nxf6+ Bxf6 18. Bxd2 a5 19. Bc3 Bxc3 20. Rxc3 b5 21.
Rfc1 b4 22. R3c2 Rc5 23. Be2 Kg7 24. Bf3 Rb8 25. Rd2 Bc6 26. Re1 f6 27. Kf2 Kf7
28. g4 h6 29. f5 a4 30. Ree2 Kg7 31. h4 g5 32. h5 1/2-1/2

[Event "Indische Dame Münster 1 - SK Ochtrup 1"]
[Site "Verbandsklasse 2015/2016"]
[Date "2015.11.07"]
[Round "2.6"]
[White "Overesch, Dieter"]
[Black "Schmerling, Janek"]
[Result "1/2-1/2"]
[WhiteElo "1690"]
[BlackElo "1664"]
[PlyCount "37"]
[EventDate "2015.??.??"]
[SourceDate "2015.10.31"]

1. d4 d5 2. Nf3 Nf6 3. Bf4 Bg4 4. Ne5 e6 5. c4 Bh5 6. Qb3 Qc8 7. Nc3 c6 8. e3
Nbd7 9. Nxd7 Qxd7 10. Bd3 Bg6 11. Qd1 Bd6 12. Bxd6 Qxd6 13. a3 O-O 14. Bxg6
hxg6 15. Qe2 e5 16. dxe5 Qxe5 17. cxd5 Nxd5 18. Nxd5 Qxd5 19. O-O 1/2-1/2

[Event "Indische Dame Münster 1 - SK Ochtrup 1"]
[Site "Verbandsklasse 2015/2016"]
[Date "2015.11.07"]
[Round "2.7"]
[White "Jacob, Barbara"]
[Black "Wichmann, Norbert"]
[Result "1/2-1/2"]
[WhiteElo "1608"]
[BlackElo "1732"]
[PlyCount "87"]
[EventDate "2015.??.??"]
[SourceDate "2015.10.31"]

1. e4 d6 2. d4 Nf6 3. Nc3 g6 4. h3 Bg7 5. Nf3 O-O 6. Be3 d5 7. e5 Ne8 8. Be2 c6
9. Qd2 b5 10. a3 a5 11. O-O Na6 12. Na2 Nac7 13. c3 Bd7 14. Nh2 f5 15. Bh6 Ne6
16. Bxg7 Kxg7 17. Nc1 N8c7 18. Nd3 h6 19. f4 Kh7 20. Nf3 Ne8 21. Qe3 N8g7 22.
g4 Qe8 23. Nh2 g5 24. fxg5 hxg5 25. gxf5 Nxf5 26. Qd2 Ng3 27. Rxf8 Nxf8 28. Bg4
Ne4 29. Qg2 Bxg4 30. Qxg4 Qg6 31. Nf3 Ne6 32. Rf1 Rf8 33. h4 gxh4 34. Qxg6+
Kxg6 35. Nxh4+ Kg5 36. Rxf8 Nxf8 37. Ng2 Ne6 38. Kf1 Nd2+ 39. Ke2 Ne4 40. Ke3
Ng3 41. Kf3 Nf5 42. Ne3 Nh4+ 43. Kg3 Ng6 44. Kf3 1/2-1/2

[Event "Indische Dame Münster 1 - SK Ochtrup 1"]
[Site "Verbandsklasse 2015/2016"]
[Date "2015.11.07"]
[Round "2.8"]
[White "Brambrink, Ulf"]
[Black "Holtmannspötter, Theo"]
[Result "1-0"]
[WhiteElo "1718"]
[BlackElo "1240"]
[PlyCount "49"]
[EventDate "2015.??.??"]
[SourceDate "2015.10.31"]

1. e4 c5 2. Nc3 e6 3. g3 Nc6 4. Bg2 Nf6 5. Nf3 d6 6. O-O Be7 7. d4 cxd4 8. Nxd4
Nxd4 9. Qxd4 O-O 10. b3 e5 11. Qd3 a6 12. Bg5 h6 13. Bxf6 Bxf6 14. Rfd1 Be7 15.
Nd5 Bg5 16. h4 Bxh4 17. gxh4 Qxh4 18. Qg3 Qd8 19. f4 exf4 20. Nxf4 Qb6+ 21. Kh2
f5 22. Nh5 Qc7 23. Rxd6 g5 24. Rg6+ Kh7 25. Qxc7+ 1-0

[Event "Südlohner SV 2 - SC Klein-Berlin Rheine"]
[Site "Verbandsklasse 2015/2016"]
[Date "2015.11.07"]
[Round "2.1"]
[White "van Dijk, Guido"]
[Black "Sparwel, Oliver"]
[Result "1-0"]
[WhiteElo "1726"]
[BlackElo "1982"]
[PlyCount "87"]
[EventDate "2015.??.??"]
[SourceDate "2015.10.31"]

1. e4 d6 2. d4 Nf6 3. Bd3 e5 4. d5 Be7 5. h3 c5 6. c4 O-O 7. Nc3 Ne8 8. g4 g6
9. Nge2 f5 10. gxf5 gxf5 11. Rg1+ Kh8 12. Bh6 Rf6 13. Bg5 Rg6 14. Bxe7 Rxg1+
15. Nxg1 Qxe7 16. exf5 Ng7 17. Qf3 Nd7 18. Nge2 Nf6 19. Ng3 Bd7 20. Kd2 Rf8 21.
Nd1 Nfh5 22. Ne3 Qg5 23. Qg4 Qh6 24. Nxh5 Nxh5 25. Rg1 Nf6 26. Qg5 Qxg5 27.
Rxg5 h6 28. Rg6 Kh7 29. Ng4 Ne8 30. Rxh6+ Kg7 31. Rh5 e4 32. Bxe4 Nf6 33. Nxf6
Kxf6 34. f4 Rf7 35. Ke3 b5 36. cxb5 Bxb5 37. Rh6+ Ke7 38. Re6+ Kd7 39. f6 Rf8
40. Bg6 Bc4 41. f7 Bxd5 42. Re8 Rxf7 43. Bxf7 Bxf7 44. Ra8 1-0

[Event "Südlohner SV 2 - SC Klein-Berlin Rheine"]
[Site "Verbandsklasse 2015/2016"]
[Date "2015.11.07"]
[Round "2.2"]
[White "Richters, Alfred"]
[Black "Ratert, Matthias"]
[Result "0-1"]
[WhiteElo "1897"]
[BlackElo "1826"]
[PlyCount "70"]
[EventDate "2015.??.??"]
[SourceDate "2015.10.31"]

1. d4 Nf6 2. Nc3 d5 3. Bg5 Nbd7 4. Qd3 c5 5. e3 c4 6. Qd2 b5 7. a3 e6 8. f3 Qa5
9. Rb1 b4 10. axb4 Bxb4 11. Nge2 O-O 12. g3 Ne8 13. e4 f6 14. Be3 dxe4 15. fxe4
Nd6 16. Bg2 Bb7 17. d5 Nc5 18. Bxc5 Qxc5 19. Qd4 Qc7 20. Qd1 exd5 21. exd5 Nf5
22. Qd2 Qc5 23. Be4 Nd6 24. Bf3 Rae8 25. Kf1 Nf5 26. Kg2 Ne3+ 27. Kh3 Bc8+ 28.
g4 f5 29. gxf5 Nxf5 30. Bg4 Re3+ 31. Ng3 Nxg3 32. hxg3 Bxg4+ 33. Kxg4 Qc8+ 34.
Kh4 Be7+ 35. Kh5 Qf5# 0-1

[Event "Südlohner SV 2 - SC Klein-Berlin Rheine"]
[Site "Verbandsklasse 2015/2016"]
[Date "2015.11.07"]
[Round "2.3"]
[White "Hauk, Viktor"]
[Black "Schmeing, Manfred"]
[Result "1/2-1/2"]
[WhiteElo "1772"]
[BlackElo "1746"]
[PlyCount "48"]
[EventDate "2015.??.??"]
[SourceDate "2015.10.31"]

1. d4 g6 2. c4 Bg7 3. Nc3 d6 4. e4 Nc6 5. Nf3 e5 6. Bg5 f6 7. Be3 Bg4 8. d5
Nce7 9. Qa4+ Bd7 10. Qb3 b6 11. Be2 Nh6 12. a4 a5 13. Nb5 Nf7 14. O-O O-O 15.
Rfd1 f5 16. Bg5 Bxb5 17. cxb5 h6 18. Bxe7 Qxe7 19. Bd3 f4 20. Rac1 g5 21. Rc3
g4 22. Ne1 Ng5 23. Qc2 Rf7 24. Rc1 Ra7 1/2-1/2

[Event "Südlohner SV 2 - SC Klein-Berlin Rheine"]
[Site "Verbandsklasse 2015/2016"]
[Date "2015.11.07"]
[Round "2.4"]
[White "Musholt, Joachim"]
[Black "Brinkmann, Franz-Josef"]
[Result "1/2-1/2"]
[WhiteElo "1668"]
[BlackElo "1769"]
[PlyCount "72"]
[EventDate "2015.??.??"]
[SourceDate "2015.10.31"]

1. e4 c5 2. Nf3 e6 3. d4 cxd4 4. Nxd4 Nf6 5. Nc3 d6 6. Be3 a6 7. g4 h6 8. Bg2
e5 9. Nf5 g6 10. Ng3 Nxg4 11. Bd2 Nc6 12. h3 Nf6 13. Be3 Be6 14. Qd2 Rc8 15.
Nd5 Bxd5 16. exd5 Ne7 17. O-O-O Qc7 18. Kb1 Bg7 19. c3 b5 20. f4 Nd7 21. Rhf1
exf4 22. Bxf4 Ne5 23. Rfe1 f6 24. Bxe5 fxe5 25. Rf1 Rf8 26. Be4 Qc4 27. Rxf8+
Kxf8 28. Qg2 Rc7 29. Qf3+ Kg8 30. Rf1 Nc8 31. Bxg6 Qf4 32. Qd3 Qg5 33. Rf5 Qh4
34. Rh5 Qf4 35. Rf5 Qh4 36. Qf3 b4 1/2-1/2

[Event "Südlohner SV 2 - SC Klein-Berlin Rheine"]
[Site "Verbandsklasse 2015/2016"]
[Date "2015.11.07"]
[Round "2.5"]
[White "Huesmann, Stephan"]
[Black "Emming, Benedikt"]
[Result "0-1"]
[WhiteElo "1705"]
[BlackElo "1726"]
[PlyCount "78"]
[EventDate "2015.??.??"]
[SourceDate "2015.10.31"]

1. e4 c5 2. Nc3 e6 3. f4 d5 4. e5 Ne7 5. Nf3 Nbc6 6. Be2 Nf5 7. O-O Be7 8. Qe1
O-O 9. Bd1 a6 10. Ne2 b5 11. c3 d4 12. Ng3 Nxg3 13. hxg3 d3 14. g4 c4 15. g5
Bc5+ 16. Kh1 Ne7 17. b3 Bb7 18. bxc4 bxc4 19. Kh2 Rb8 20. Rh1 Qb6 21. g4 Bf2
22. Qf1 Ng6 23. Ba3 Rfd8 24. f5 Bxf3 25. Bxf3 Nxe5 26. Qg2 Bh4 27. Be7 Nxf3+
28. Qxf3 Qc7+ 29. Kh3 Qxe7 30. Kxh4 h6 31. fxe6 Qxg5+ 32. Kh3 fxe6 33. Qc6 Qxd2
34. Qxe6+ Kh8 35. Kg3 Re8 36. Qxc4 Qe3+ 37. Kh4 Qf2+ 38. Kh5 Re5+ 39. Kg6 Rg5#
0-1

[Event "Südlohner SV 2 - SC Klein-Berlin Rheine"]
[Site "Verbandsklasse 2015/2016"]
[Date "2015.11.07"]
[Round "2.6"]
[White "van de Laar, Han"]
[Black "Pohlmeier, Ulrich"]
[Result "0-1"]
[WhiteElo "1651"]
[BlackElo "1562"]
[PlyCount "78"]
[EventDate "2015.??.??"]
[SourceDate "2015.10.31"]

1. Nf3 Nf6 2. c4 d6 3. d4 g6 4. Nc3 Bg7 5. e3 O-O 6. Be2 c5 7. O-O a6 8. Qc2
cxd4 9. exd4 Bf5 10. Qd1 Qc7 11. Bg5 Be6 12. d5 Bg4 13. Nd2 Bxe2 14. Qxe2 Re8
15. Rac1 Nbd7 16. b3 Rac8 17. Be3 Nh5 18. f4 f5 19. Nf3 e5 20. dxe6 Rxe6 21.
Ng5 Ree8 22. Qd2 Nb6 23. Nd5 Nxd5 24. Qxd5+ Kf8 25. Rfe1 Nf6 26. Qd3 h6 27. Nf3
Ne4 28. Nh4 Re6 29. Qd5 Qf7 30. Nf3 Rce8 31. Qd3 Qd7 32. Bd4 Bxd4+ 33. Qxd4 Qg7
34. Qd3 Qb2 35. Rc2 Nc5 36. Qd2 Rxe1+ 37. Nxe1 Rxe1+ 38. Kf2 Qa1 39. Qxe1 Nd3+
0-1

[Event "Südlohner SV 2 - SC Klein-Berlin Rheine"]
[Site "Verbandsklasse 2015/2016"]
[Date "2015.11.07"]
[Round "2.7"]
[White "Wilde, Jürgen"]
[Black "Schuurmans, Han"]
[Result "1/2-1/2"]
[WhiteElo "1619"]
[BlackElo "1588"]
[PlyCount "46"]
[EventDate "2015.??.??"]
[SourceDate "2015.10.31"]

1. e4 e5 2. Nf3 Nf6 3. Nc3 Nc6 4. Bc4 Be7 5. O-O d6 6. h3 O-O 7. d4 exd4 8.
Nxd4 Nxd4 9. Qxd4 Be6 10. Nd5 Nxd5 11. exd5 Bf5 12. Bd3 Bf6 13. Qc4 Qd7 14. Bd2
Bxd3 15. Qxd3 c6 16. c3 c5 17. Bf4 Rfe8 18. Rfe1 Rxe1+ 19. Rxe1 a6 20. Qg3 Rd8
21. b3 b5 22. c4 bxc4 23. bxc4 Qa4 1/2-1/2

[Event "Südlohner SV 2 - SC Klein-Berlin Rheine"]
[Site "Verbandsklasse 2015/2016"]
[Date "2015.11.07"]
[Round "2.8"]
[White "Kelecic, Dominik"]
[Black "van Dam, Hans"]
[Result "1/2-1/2"]
[WhiteElo "1650"]
[BlackElo "1563"]
[PlyCount "88"]
[EventDate "2015.??.??"]
[SourceDate "2015.10.31"]

1. e4 e5 2. Nf3 Nc6 3. d4 exd4 4. Nxd4 Nxd4 5. Qxd4 d6 6. Nc3 Nf6 7. Bg5 Be7 8.
Bc4 Be6 9. Bxe6 fxe6 10. O-O-O h6 11. Bh4 Nd7 12. Qxg7 Bg5+ 13. Kb1 Qf6 14.
Qxf6 Bxf6 15. Bxf6 Nxf6 16. f3 O-O-O 17. Nb5 a6 18. Nd4 Rde8 19. Rd3 Nd7 20. h4
Rhg8 21. Rg1 Ne5 22. Re3 Ng6 23. h5 Nf4 24. g4 Ref8 25. a3 Kd7 26. Kc1 Nh3 27.
Rg2 Nf4 28. Rh2 c5 29. Nb3 b6 30. Nd2 b5 31. Nb3 Kc6 32. Rc3 e5 33. Nd2 Ne6 34.
Re3 Ng5 35. Kd1 Rf6 36. Ke2 Ne6 37. c3 Nf4+ 38. Kd1 c4 39. Nf1 Ne6 40. Ng3 Ng7
41. Rd2 Rgf8 42. Ke2 Ne6 43. Nf5 Nf4+ 44. Kd1 Nd3 1/2-1/2

[Event "SK Gescher 1 - SF Beelen 2"]
[Site "Verbandsklasse 2015/2016"]
[Date "2015.11.07"]
[Round "2.1"]
[White "Henke, Wolfgang"]
[Black "Eißing, Christoph"]
[Result "1-0"]
[WhiteElo "1709"]
[BlackElo "2011"]
[PlyCount "59"]
[EventDate "2015.??.??"]
[SourceDate "2015.10.31"]

1. e4 c6 2. d4 d5 3. Nc3 dxe4 4. Nxe4 Nf6 5. Nxf6+ gxf6 6. Bf4 Bf5 7. Nf3 Nd7
8. Bd3 Bxd3 9. Qxd3 Qa5+ 10. c3 O-O-O 11. b4 Qh5 12. Qe3 Nb6 13. Bg3 Bh6 14.
Qe2 Nd5 15. O-O e6 16. a4 Nf4 17. Qb2 Rhg8 18. b5 c5 19. a5 e5 20. dxc5 Rd3 21.
a6 b6 22. cxb6 axb6 23. a7 Kb7 24. a8=Q+ Rxa8 25. Rxa8 Kxa8 26. Ra1+ Kb8 27.
Qa2 Kc7 28. Qc4+ Kd6 29. Bxf4 Rxf3 30. Qc6+ 1-0

[Event "SK Gescher 1 - SF Beelen 2"]
[Site "Verbandsklasse 2015/2016"]
[Date "2015.11.07"]
[Round "2.2"]
[White "Priebs, Ludger"]
[Black "Hofene, Josef"]
[Result "1/2-1/2"]
[WhiteElo "1789"]
[BlackElo "1697"]
[PlyCount "63"]
[EventDate "2015.??.??"]
[SourceDate "2015.10.31"]

1. d4 d6 2. c4 g6 3. Nc3 Bg7 4. e4 Nd7 5. Nf3 Ngf6 6. Bg5 c6 7. Be2 h6 8. Bf4
Nh5 9. Be3 e5 10. Qd2 Qe7 11. d5 c5 12. Nb5 Nb8 13. Bxc5 dxc5 14. d6 Qd8 15.
Nc7+ Kf8 16. Nxa8 Na6 17. Rd1 Bd7 18. Nc7 Nb4 19. a3 Nc6 20. b4 b6 21. O-O Nf4
22. bxc5 bxc5 23. Nd5 Nxe2+ 24. Qxe2 Bg4 25. Rd3 Nd4 26. Rxd4 exd4 27. e5 Bxf3
28. gxf3 Qg5+ 29. Kh1 Bxe5 30. f4 Bxf4 31. Qe7+ Kg7 32. Re1 1/2-1/2

[Event "SK Gescher 1 - SF Beelen 2"]
[Site "Verbandsklasse 2015/2016"]
[Date "2015.11.07"]
[Round "2.3"]
[White "Fartmann, Franz-Josef"]
[Black "Lanfer, Stefan"]
[Result "1-0"]
[WhiteElo "1701"]
[BlackElo "1828"]
[PlyCount "65"]
[EventDate "2015.??.??"]
[SourceDate "2015.10.31"]

1. c4 c6 2. Nc3 Nf6 3. e4 e5 4. Nf3 Qc7 5. Be2 Bc5 6. h3 d6 7. O-O h6 8. d4 Bb4
9. Qc2 O-O 10. Na4 c5 11. dxe5 dxe5 12. a3 Ba5 13. Be3 Na6 14. Ne1 Bxe1 15.
Rfxe1 b6 16. Nc3 Bb7 17. Nd5 Nxd5 18. cxd5 Qd6 19. Rec1 f5 20. f3 f4 21. Bf2 g5
22. Qa4 Nc7 23. b4 cxb4 24. axb4 a5 25. bxa5 Rxa5 26. Qb3 Rxa1 27. Rxa1 Ra8 28.
Rc1 Ba6 29. Rc6 Qd7 30. Bxa6 Rxa6 31. Qc3 Ne8 32. Qxe5 Kh7 33. Bd4 1-0